| 000 | 00675pam a2200217 a 4500 | ||
|---|---|---|---|
| 001 | 2030816 | ||
| 005 | 20231117015453.0 | ||
| 008 | 920304s1993 nyu b 001 0 eng | ||
| 020 | _a041590479X (cloth : alk. paper) | ||
| 020 | _a0415904803 (pbk. : alk. paper) | ||
| 040 |
_aDLC _cDLC _dDLC |
||
| 082 | 0 | 0 |
_a305.42/01 _220 _bHES |
| 100 | 1 | _aHennessy, Rosemary. | |
| 245 | 1 | 0 |
_aMaterialist feminism and the politics of discourse / _cRosemary Hennessy. |
| 260 |
_aNew York : _bRoutledge, _c1993. |
||
| 300 | _aix, 177 p. ; | ||
| 650 | 0 | _aFeminist theory. | |
| 650 | 0 | _aMarxist criticism. | |
| 856 | 4 | 2 | _uhttp://www.loc.gov/catdir/enhancements/fy0651/92009689-d.html |
| 942 | _cL | ||
| 999 |
_c25 _d25 |
||